000 00381nam a2200133Ia 4500
008 220803s9999 xx 000 0 und d
020 _a9789383184071
041 _aeng
082 _a720.28 PUR
100 _aPuru S Ed. & Patel K Ed.
_929869
245 _aSID 25 Curriculum Exposition : Basic Design .-9789383184071
260 _b"CEPT University, Ahmedabad"
_c2015
300 _a116p
999 _c18715
_d18715